Регионална библиотека "Любен Каравелов" - Русе

За психологията на ученика от началната училищна възраст (Запис номер 107068)

MARC детайли
000 -Лидер
Контролно поле с фиксирана дължина 01624nam a2200337 c 4500
003 - Код на организацията, давaща контролен номер
Контролно поле BLK
005 - Дата и час на последна редакция
Контролно поле 20250329164010.0
008 - Елементи от данни с фиксирана дължина
fixed length control field 180409b bul|||||r ||||||| ||bul||
010 ## - Наследен системен номер
LC control number KNG00112343000
040 ## - Източник на каталожния запис
Идентификатор на билиотеката - собственик на записа BLK
041 ## - Код за език
Код за езика на текст/звукозапис или на отделно заглавие Български
Код за езика КДБФ Български
080 ## - УДК
Текстов определител УДК Педагогическа психология
УДК код - определител по УДК 37.015.3
УДК определител
УДК - код + определител 37.015.3
100 1# - Редна дума - Автор
Автор Люблинска, Анна Александрова
Авторска отговорност първи автор
R(LIN) 287321
139 ## - Редно поле
Редна дума Люблинска, Анна Александрова
Авторски знак Люб - Л 95
245 10 - Сведения за заглавието
Заглавие За психологията на ученика от началната училищна възраст
Подзаглавни данни В помощ на учителите
Редно поле (дума) Анна Александрова Люблинска; прев. от рус. Видослава Добрева.
257 ## - Страна на издаване
Страна на създаване/издаване България
260 ## - Област на издателските данни
-- София
Име на издателя, разпространителя и проч. Нар. просв.
Година на издаване 1984
Печатница Ямбол : печ. Г. Димитров
300 ## - Физическа характеристика
Страници 268 с.
Илюстрации и др. с табл.
Размери/Мащаб 20 см
380 ## - Жанр
Жанр Обществени науки
500 ## - Общи забележки
Забележка Ориг. загл. Учителю о психологии младшего школьника / Анна Александровна Люблинская. - 4 407 тир.
650 #4 - Допълнително описание по предмет – тема
Основно описание – тема или топоним Детска и педагогическа психология
9 (RLIN) 244538
653 ## - Ключова дума – ненормативна
Ключова дума педагогическа психология
653 ## - Ключова дума – ненормативна
Ключова дума детска психиатрия
700 1# - Други автори (авторска отговорност)
Лично име Добрева, Видослава
Автороска отговорност (Описва отношението между автора и произведението) прев. от рус.
9 (RLIN) 310787
852 ## - Местоположение
Форматна сигнатура Цб 129483
856 4# - Електронен адрес и достъп
Електронен формат pdf - файл
Път до файла /url/
856 4# - Електронен адрес и достъп
Електронен формат pdf - файл
Път до файла /url/
942 ## - АРТИКУЛИ
Вид на библиотечния материал Книги
Скрит в OPAC Не
Koha issues (borrowed), all copies 9
944 ## - СЪЗДАВАНЕ И РЕДАКЦИЯ на ЗАПИСА
Създаване/Редакция Създаване
Дата на регистрацията/редакция 15.04.2004
Служител, извършил регистрацията/редакцията 30575
Статус, дата на статуса Мартин Енчев
944 ## - СЪЗДАВАНЕ И РЕДАКЦИЯ на ЗАПИСА
Създаване/Редакция Редакция
Дата на регистрацията/редакция 02.10.2006
Служител, извършил регистрацията/редакцията
999 ## - СИСТЕМНИ КОНТРОЛНИ НОМЕРА
Koha biblionumber 107068
Koha biblioitemnumber 107068
Наличности
Код за отписване Код за изгубен артикул Източник на класификационната схема Код за повреда Коз за рестрикции Код за отдаване Артикулен № Име на библиотеката - собственик Име на библиотеката, в която се намира в момента Статус (Текущо местоположение) Дата на вписване в системата Местоположение - отдел Цена в лева Инвентарен номер Систематично азбучна сигнатура Баркод Номер на екземпляра Цена в евро Служебна бележка Служебен тип на артикула
  Не е изгубен Universal Decimal Classification Не е повреден без рестрикции ползва се в читалня 172899 Регионална библиотека "Любен Каравелов" Русе Регионална библиотека "Любен Каравелов" Русе Хранилище 1984-01-01 Хранилище 2.24 414388 Цб 129483 900000008608 1 1.15 Дост: Dp Вид: Д N: стар фонд Дата: 01.01.1984 Книги
Изтеглен Не е изгубен Universal Decimal Classification Не е повреден без рестрикции заемане за дома 172900 Регионална библиотека "Любен Каравелов" Русе Регионална библиотека "Любен Каравелов" Русе Заемна - подръчен фонд 1984-01-01 Заемна - подръчен фонд 2.24 416114 П 37.015.3/Л 95 416114 2 1.15 Дост: Pk Вид: Ф N: стар фонд Дата: 01.01.1984 Книги
  Не е изгубен Universal Decimal Classification Не е повреден без рестрикции заемане за дома 172901 Регионална библиотека "Любен Каравелов" Русе Регионална библиотека "Любен Каравелов" Русе Заемна - подръчен фонд 1984-01-01 Заемна - подръчен фонд 2.24 416115 37.015/Л 95 А 120000416115 3 1.15 Дост: Pk Вид: Ф N: стар фонд Дата: 01.01.1984 Дата инв: 08.02.2018 Бележки инв: П2018 Книги
Изтеглен Не е изгубен Universal Decimal Classification Не е повреден без рестрикции ползва се в читалня 172902 Регионална библиотека "Любен Каравелов" Русе Регионална библиотека "Любен Каравелов" Русе Читалня 1984-01-01 Читалня 2.24 416118 Ч 37.01/Л 95 416118 4 1.15 Дост: Pk Вид: Ф N: стар фонд Дата: 01.01.1984 Дата инв: 14.03.2017 Бележки инв: Ч2017 Книги
Vip Innovations Ltd, Rousse, Bulgaria 2025